STRENGHS BASED LEADERSHIP GREAT LEADERS (Record no. 30888)

MARC details
000 -LEADER
fixed length control field 00316nam a2200121Ia 4500
008 - FIXED-LENGTH DATA ELEMENTS--GENERAL INFORMATION
fixed length control field 240624s9999 xx 000 0 und d
041 ## - LANGUAGE CODE
Language code of text/sound track or separate title eng
082 ## - DEWEY DECIMAL CLASSIFICATION NUMBER
Classification number 658.4092 RAT
100 ## - MAIN ENTRY--PERSONAL NAME
Personal name RATH TOM
245 ## - TITLE STATEMENT
Title STRENGHS BASED LEADERSHIP GREAT LEADERS
260 ## - PUBLICATION, DISTRIBUTION, ETC.
Date of publication, distribution, etc. 2011
Place of publication, distribution, etc. New York
Name of publisher, distributor, etc. Gallup Press
300 ## - PHYSICAL DESCRIPTION
Extent 266 p.; 20 cm.
Holdings
Withdrawn status Lost status Damaged status Not for loan Home library Current library Shelving location Date acquired Full call number Barcode Date last seen Price effective from Koha item type
        IMTN IMTN Rack 29-B 09/20/2021 658.4092 RAT 30888 06/24/2024 06/24/2024 Books
Designed & Maintained by: LRC IMT Nagpur Contact: lrc@imtnag.ac.in© 2024. All Rights Reserved.